[Event "ESC"]
[Site "?"]
[Date "2004.01.10"]
[Round "?"]
[White "Großmann Michael"]
[Black "Kahmann Karl-Heinz"]
[Result "0-1"]
[WhiteElo "1700"]
[BlackElo "1683"]
[PlyCount "56"]
[EventDate "2004.??.??"]
[Source "www.chesslib.no"]
[SourceDate "2004.05.04"]

1. e4 e5 2. f4 exf4 3. Nc3 Qh4+ 4. Ke2 d5 5. Nxd5 Bd6 6. d4 Bg4+ 7. Nf3 Ne7 8. Nxe7 Qxe7 9. Kf2 Bxf3 10. Qxf3 Qh4+ 11. g3 Qf6 12. e5 fxg3+ 13. hxg3 Qxf3+ 14. Kxf3 Be7 15. Bd3 Nc6 16. Bb5 a6 17. Bxc6+ bxc6 18. Be3 Rd8 19. Ke4 f6 20. g4 c5 21. dxc5 fxe5 22. Raf1 h6 23. Rh5 Rf8 24. Rxf8+ Kxf8 25. Rf5+ Bf6 26. Bxh6 Rd4+ 27. Kf3 Ke7 28. g5 gxh6 0-1

[Event "Corr"]
[Site "?"]
[Date "2005.01.16"]
[Round "?"]
[White "Huber Martin"]
[Black "Bladyko Pawel"]
[Result "0-1"]
[WhiteElo "1604"]
[BlackElo "1723"]
[PlyCount "52"]
[EventDate "2005.??.??"]
[Source "www.chesslib.no"]
[SourceDate "2004.05.04"]

1. e4 e5 2. f4 exf4 3. Nc3 Qh4+ 4. Ke2 Qe7 5. d3 Nf6 6. Kf2 d5 7. Nxd5 Nxd5 8. exd5 Qh4+ 9. Ke2 Bg4+ 10. Nf3 Bxf3+ 11. gxf3 Na6 12. d4 O-O-O 13. c4 Re8+ 14. Kd3 Bb4 15. c5 Re1 16. Bh3+ Qxh3 17. Rxe1 Bxe1 18. Qxe1 Qxf3+ 19. Kc4 Rd8 20. Qe5 Qf1+ 21. Kc3 Qh3+ 22. Kc4 Qxh2 23. Qf5+ Kb8 24. c6 Qe2+ 25. Kc3 Qf3+ 26. Kc4 b5+ 0-1

[Event "Corr"]
[Site "?"]
[Date "1999.11.18"]
[Round "?"]
[White "McMenamin Johnny"]
[Black "Hartmann Per"]
[Result "0-1"]
[WhiteElo "1359"]
[BlackElo "1539"]
[PlyCount "28"]
[EventDate "1999.??.??"]
[Source "www.chesslib.no"]
[SourceDate "2004.05.04"]

1. e4 e5 2. f4 exf4 3. Nc3 Qh4+ 4. Ke2 d5 5. Nxd5 Bg4+ 6. Nf3 Bd6 7. d4 Nc6 8. e5 O-O-O 9. exd6 Rxd6 10. c4 Bxf3+ 11. gxf3 Nf6 12. Bxf4 Re8+ 13. Kd3 Nxd5 14. Bxd6 Qxd4+ 0-1

[Event "Corr"]
[Site "?"]
[Date "1999.11.18"]
[Round "?"]
[White "Hartmann Per"]
[Black "McMenamin Johnny"]
[Result "1-0"]
[WhiteElo "1548"]
[BlackElo "1349"]
[PlyCount "49"]
[EventDate "1999.??.??"]
[Source "www.chesslib.no"]
[SourceDate "2004.05.04"]

1. e4 e5 2. f4 exf4 3. Nc3 Qh4+ 4. Ke2 Bb4 5. Nd5 Ba5 6. Nf3 Qh5 7. d3 d6 8. b4 Bb6 9. a4 c6 10. Nxf4 Qg4 11. h3 Qd7 12. Bb2 Nf6 13. Bxf6 gxf6 14. Qd2 Qe7 15. Re1 Be6 16. a5 Bc7 17. Kd1 Nd7 18. d4 Nf8 19. d5 Bd7 20. a6 O-O-O 21. axb7+ Kxb7 22. dxc6+ Bxc6 23. Nd5 Bxd5 24. Qxd5+ Kb8 25. Nd4 1-0